Statistics for Star Wars by Picture

Click here to take the quiz!

General Stats

  • This quiz has been taken 1,150 times
  • The average score is 13 of 14

Answer Stats

Answer% Correct
Darth Vader
100%
Yoda
99%
Chewbacca
98%
Leia Organa
98%
R2-D2
98%
C-3PO
97%
Lightsaber
97%
Darth Maul
96%
Death Star
95%
Jabba the Hutt
95%
Stormtrooper
95%
BB-8
92%
George Lucas
90%
AT-AT
86%

Score Distribution

Percentile by Number Answered

Percent of People with Each Score

Your Score History

You have not taken this quiz